Natural resource economics : issues, analysis, and policy
| Main Author: | |
|---|---|
| Format: | Book |
| Published: |
New York :
John Wiley & Sons ,
1979
|
| Subjects: |
MARC
| LEADER | 00000cam a2200000 7i4500 | ||
|---|---|---|---|
| 001 | 0000005379 | ||
| 005 | 20021122.0 | ||
| 020 | |a 0471045276 | ||
| 040 | |a INS | ||
| 090 | 0 | 0 | |a HC55. |b H69 1979 |
| 100 | 1 | |a Howe, Charles W. | |
| 245 | 1 | 0 | |a Natural resource economics : |b issues, analysis, and policy |c Charles W. Howe |
| 260 | |a New York : |b John Wiley & Sons , |c 1979 | ||
| 300 | |a xxviii, 350p ; |c 23 cm, bib. | ||
| 650 | 0 | 0 | |a Natural resources |
| 999 | |a 0000000128 |b BOOK |c Open Shelf |e Default branch | ||